000 00502cab a2200217 4500
001 X404
008 090401t1993 xxu||||| |||| 00| 0 eng d
035 _a(Sirsi) u65437
041 _aeng
245 2 _aA pigeon in your ear, Mr Major
260 _c1993
350 _a0
490 _aCS Monthly : Rural Practice
_v2(4) January 1993, 16(1)
650 _aCORVID
650 _aEC
650 _aPIGEONS
650 _aWOODPIGEONS
690 _aRURAL PRACTICE
942 _n0
948 _c04/03/1997
999 _c40803
_d40803